The myth of excellence : (Record no. 44512)

MARC details
000 -LEADER
campo de control de longitud fija 01140nam a2200205 4500
001 - NÚMERO DE CONTROL
campo de control 2417
005 - FECHA Y HORA DE LA ÚLTIMA TRANSACCIÓN
campo de control 20230410115614.0
008 - DATOS DE LONGITUD FIJA--INFORMACIÓN GENERAL
campo de control de longitud fija 060907n2001 dr spa
020 ## - NÚMERO INTERNACIONAL ESTÁNDAR DEL LIBRO
Número Internacional Estándar del Libro 0609608207
035 ## - NÚMERO DE CONTROL DEL SISTEMA
-- funglode2427
041 ## - CÓDIGO DE IDIOMA
Código de lengua del texto/banda sonora o título independiente EN
050 14 - SIGNATURA TOPOGRÁFICA DE LA BIBLIOTECA DEL CONGRESO
Número de clasificación HF 5415 C899m 2001
100 ## - ENTRADA PRINCIPAL--NOMBRE DE PERSONA
Nombre de persona Crawford, Fred
245 14 - MENCIÓN DEL TÍTULO
Título The myth of excellence :
Resto del título Why great companies never try to be best at everything /
Mención de responsabilidad, etc. Fred Crawford and Ryan Mathews
260 ## - PUBLICACIÓN, DISTRIBUCIÓN, ETC.
Lugar de publicación, distribución, etc. New York :
Nombre del editor, distribuidor, etc. Crown Business,
Fecha de publicación, distribución, etc. 2001
300 ## - DESCRIPCIÓN FÍSICA
Extensión xviii, 251 p.
520 ## - RESUMEN, ETC.
Sumario, etc. Field notes from the commercial wilderness, 1. -- The new model for consumer relevancy, 21. -- Would I lie to you? : The overrated importance of lowest price, 41. -- I can't get no satisfaction : Service with a smile?, 69. -- I still haven't found what I'm looking for : Access, physical and psychological, 111. -- Why good is good enough : Choice and the issue of product bandwidth, 135. -- Do you really get me? : The experience factor, 159. -- Making consumer relevancy work, 193. -- Supply-chain realities, 207. -- Consumer relevancy and the future, 219
700 ## - ENTRADA AGREGADA--NOMBRE PERSONAL
Nombre de persona Mathews, Ryan
942 ## - ELEMENTOS DE ENTRADA SECUNDARIOS (KOHA)
Fuente del sistema de clasificación o colocación Clasificación de Library of Congress
Tipo de ítem Koha
Holdings
Estatus retirado Estado de pérdida Fuente del sistema de clasificación o colocación Estado de daño No para préstamo Colección Biblioteca de origen Biblioteca actual Ubicación en estantería Fecha de adquisición Serial enumeration / chronology Signatura topográfica completa Código de barras Visto por última vez Copia número Tipo de ítem Koha
    Clasificación de Library of Congress     Ciencias Sociales Biblioteca Juan Bosch Biblioteca Juan Bosch Ciencias Sociales (3er. Piso) 24/10/2018 1 HF 5415 C899m 2001 00000013412 24/10/2018 1